Hijo de ladron

Збережено в:
Бібліографічні деталі
Автор: Rojas, Manuel (Автор)
Формат: Книга
Мова:Іспанська
Опубліковано: Santiago Zig-Zag 1994
Редагування:25a. ed
Серія:Biblioteca Juvenil
Предмети:
Теги: Додати тег
Немає тегів, Будьте першим, хто поставить тег для цього запису!

MARC

LEADER 00000nam a2200000 a 4500
001 UCH4150
003 CL-VaPUC
008 090818e19940000CL |||||||||||||||||spa|d
020 |a 9561208547 
082 0 4 |a Ch863  |b ROJ  |2 21 
100 0 |a Rojas, Manuel  |e author  |9 313776 
245 1 0 |a Hijo de ladron 
250 |a 25a. ed 
300 |a 255 p 
942 |c BK 
945 |d 20090818 00:00:00  |a lazolas 
260 |a Santiago  |b Zig-Zag  |c 1994 
650 0 |a Novelas chilenas   |9 265425 
583 |a last modification  |c 20090818 00:00:00  |k Rodrigo Vera 
490 0 |a Biblioteca Juvenil 
999 |c 335489  |d 335487